| 000 | 00840cab a2200277 4500 | ||
|---|---|---|---|
| 001 | ABS54480 | ||
| 008 | 090401t1996 xxu||||| |||| 00| 0 eng d | ||
| 035 | _a(Sirsi) u10678 | ||
| 041 | _aeng | ||
| 100 | _aClarke, A. | ||
| 245 | _aWhat price healthy air? | ||
| 260 | _c1996 | ||
| 350 | _a0 | ||
| 490 |
_aFaculty of Building Journal _vFebruary 1996, 4-6(3) |
||
| 520 | _aConsiders the likely causes of sick building syndrome and the remedial action recommended by various studies. | ||
| 650 | _aAIR POLLUTION | ||
| 650 | _aBUILDING-RELATED ILLNESS | ||
| 650 |
_aFACILITIES MANAGEMENT _96240 |
||
| 650 | _aHUMIDITY | ||
| 650 | _aINDOOR AIR QUALITY | ||
| 650 | _aSICK BUILDING SYNDROME | ||
| 690 | _aBUILT ENVIRONMENT-BUILDING PATHOLOGY | ||
| 690 | _aOFFICE SERVICES AND ADMINISTRATION | ||
| 942 | _n0 | ||
| 948 | _c04/03/1997 | ||
| 999 |
_c6773 _d6773 |
||